000 00275nam a22001217a 4500
008 180215b xxu||||| |||| 00| 0 eng d
041 _aeng
080 _23 ED
_a54
100 _a12
101 _aKIM
245 _aTHE ENCYCLOPEDIA CHEMISTRY
_cHAWLEY.G.G
942 _2udc
_cBK
999 _c42657
_d42657